000 02275cab a2200253 a 4500
005 20240924070935.0
008 991125c2019 sp fr p o 000 0 spa d
035 _aUPN01000235670
040 _aMX-MxUPN
_bspa
_eaacr2
049 _aART-E
100 1 _aJuárez Calvillo, María
245 1 0 _aInfluencia de la formación inicial del profesorado en los hábitos lectores y en el concepto de educación literaria
_h[recurso electrónico en línea]
506 0 _aAcceso abierto
520 3 _aLos objetivos del presente trabajo sonindagar sobre el perfil lector de los futuros maestros de Educación Primaria y reflexionar sobre su concepto de lectura y educación literaria, en este caso, analizandoy contrastando las respuestas dadas porlos estudiantes de 1º y 4º del Grado en Educación Primaria para comprobar su aprendizaje y el cambio de perspectiva entre los estudiantes que empiezan y lo que están acabando su formación.Los informantes, un total de 291 estudiantes, 137 estudiantes matriculados en 1ercurso y 154 estudiantes matriculadosen 4º del grado en Educación Primaria de la Universidad de Cádiz durante el curso 2018/2019, contestaron a un cuestionario sobre la motivación por la lectura académica.A este cuestionario se añadieron ítems de corte cualitativo que perseguían describir al futuro maestro como sujeto lector didáctico.Los resultados reflejan una población poco lectora cuyo concepto de educación literaria es pobre y no responde a la especialización esperada según se avanza en la formación del grado. Estos hallazgos hacenreflexionar sobre el diseño de la formación inicial para garantizar que los estudiantes accedan al ejercicio de la docencia contando con un marco epistemológico sólido y dominando una serie de estrategias para realizar una efectiva mediación lectora y literaria
650 4 _aLectura
_913351
653 0 _aFormación lectora
653 0 _aEducación literaria
653 0 _aFormación inicial docente
773 _gNo. 12 (2019), p. 99-131
_tInvestigaciones sobre lectura
_x2340-8685
856 4 0 _uhttps://revistas.uma.es/index.php/revistaISL/article/view/11110
856 4 0 _uhttps://doi.org/10.24310/revistaisl.vi12.11110
_zConsultar articulo completo
905 _aArticulo
942 _cART-E
999 _c207765
_d207765